000 00596nam a22002172 4500
001 0000001355
005 20151217151814.0
008 070305s xx 000 0 eng d
020 _a0521497698 :
_cGBP 28
040 _aKABU
_cKABU
050 0 _aHB846
_b.M95
100 1 _aMyles, Gareth D.
_@0000160285
245 1 0 _aPublic economics.
260 _aCambridge :
_bCUP,
_c1995.
300 _axvi, 546 p.
650 0 _aWelfare economics.
_@0000150036
908 _a070305
950 _@1
999 _c5204
_d5204